=LDR 00000nam 2200000 4500 =001 INLIS000000000020372 =005 20201112125449 =035 ##$$a 0010-061300000020372 =008 201112################g##########0#ind## =041 ##$$a Ind =082 ##$$a 306.2 =090 ##$$a 306, Dew s =100 1#$$a Duverger, Maurice =245 1#$$a Sosiologi politik, /$c Maurice Duverger ; disunting dan dihantar oleh Alfian ; diterjemahkan oleh, Daniel Dhakidae =260 ##$$a Jakarta :$b Raja Grafindo Persada,$c 1981 =300 ##$$a xxxii, 466 hlm, ; $c 14 x 21 cm =650 #4$$a Sosiologi Politik =850 ##$$a NBPNMAT =084 ##$$a 306.2 DUV s =250 ##$$a cet. 1 =020 ##$$a 979-421-178-8 =990 ##$$a 20611186 =990 ##$$a 20611187 =990 ##$$a 21400613/BPAP-NTB/20142014 =990 ##$$a 30700814 =990 ##$$a 20611185 =990 ##$$a 00090627 =990 ##$$a 00091757